Ordenanzas fiscales / Diputación Provincial de Barcelona
Descripción Física:
220 p. ; 24 cm
MARC
| LEADER | 00000nam a2200000Ia 4500 | ||
|---|---|---|---|
| 001 | 8994 | ||
| 008 | 160829s1962 xx 000 0 cat d | ||
| 080 | |a M-1-268 | ||
| 110 | 1 | |a Barcelona (Catalunya : Província). |b Diputació |9 52408 | |
| 245 | |a Ordenanzas fiscales / Diputación Provincial de Barcelona | ||
| 260 | |a Barcelona : |b Impr. Casa Caritat, |c 1962 | ||
| 300 | |a 220 p. ; |c 24 cm | ||
| 650 | 0 | |a Impostos locals |x Barcelona (Catalunya : Província) |9 22985 | |
| 901 | |a Arxiu | ||
| 942 | |n 1 | ||
| 952 | |0 0 |1 0 |4 0 |6 M1268 |7 1 |9 42425 |a Arxiu |b Arxiu |d 2016-12-01 |l 0 |o M-1-268 |p 8994 |r 2016-12-01 00:00:00 |w 2016-12-01 |y ARXIU | ||
| 999 | |c 44930 |d 44930 | ||